000 00835nam a2200217Ia 4500
005 20260623120238.0
008 160316s2005 xxu||||| |||| 00| 0 eng d
020 _a1403928657 (hbk.)
082 _a347.013 AGA-2
245 _aElectronic judicial resource management /
_cKamlesh N Agarwala and Murli D Tiwari
260 _aDelhi :
_bMacmillan Publishing,
_c2005.
300 _ax, 485 p. ;
_c22 cm.
365 _b RS. 695
505 _a1: Perspective ; 2: Managing change ; 3: Emerging technologies ; 4: Networking ; 5: Academic institution and web-based education : counting programme ; 6: Solution providers ; 7: Case studies.
650 _aJudicial Resource Management
650 _aCourt Management
650 _aElectronic Courts
700 _aTiwari, Murli D.
700 _aAgarwala, Kamlesh N.
942 _2ddc
_cBK
999 _c31943
_d31943